| 000 | 00396nam a2200097Ia 4500 | ||
|---|---|---|---|
| 008 | 180130s9999 xx 000 0 und d | ||
| 245 |
_cShin, Solee I.; Hamilton, Gary G. _aBeyond production: changing dynamics of Asian business groups |
||
| 260 | _c2014 | ||
| 300 | _aBook title: The Oxford handbook of Asian business systems--Acession number C19643; pages 611-632 | ||
| 650 | _aBUSINESS SYSTEMS--ASIA | ||
| 999 |
_c354434 _d354434 |
||